000 00243 a2200097 4500
090 _c4439
_d4439
100 _aIrshad Ullah Khan
245 _aThis Nuclear Night of Winter Light
260 _aEastern
_bIslamabad
_c2001
942 _aNBS
_cBK
_k821 KHA
999 _c346882
_d346882